00793 2200265 4500001002100000005001700021008004100038020002200079035002400101040001200125082002200137084002200159090002200181100002000203245011000223260003000333300003400363650002000397700001800417700002400435850001200459990002200471990001700493990001700510INLIS00000000000301420160907114802.0  a978-979-29-2083-3 0010-041500000000081 aYOPDYOG aDEP 398.245 Ast C aDEP 398.245 Ast C aDEP 398.245 Ast C aASTRI DAMAYANTI aCerita binatang dari 5 benua /cAstri Damayanti ; ilustrator, Rudy ilarasco ; editor, Sisilia Triana Dewi aYogyakartabRainbowc2013 aiv, 92 hlm.b: ilus.c; 19 cm aCerita binatang aRudy ilarasco aSisilia Triana Dewi aYOPDYOG aCB-D.11-2013-1810 a3271-KS/B.15 a3272-KS/B.15